000 00400nam a2200169Ia 4500
001 19199
003 IN-NITTTR
005 20251114233222.0
008 251113s9999||||xx |||||||||||||| ||eng||
040 _beng
040 _cIN-NITTTR
041 _aeng
082 _a530 H163S
100 _aHalpern, Alvin
245 0 _aSchaum's 3000 solved problems in physics /
_cHalpern, Alvin
942 _2ddc
_cBK
999 _c21833
_d21833